| 000 | 00535cam a22002171 4500 | ||
|---|---|---|---|
| 001 | sa 65009818 | ||
| 003 | DLC | ||
| 005 | 20260227112205.0 | ||
| 008 | 890913s1964 ii 000 0 tamo | ||
| 010 | _asa 65009818 | ||
| 035 | _a(OCoLC)20337744 | ||
| 040 |
_aDLC _cWaU _dDLC |
||
| 042 | _apremarc | ||
| 050 | 0 | 0 |
_aPL4758.9.T5 _bR3 |
| 100 | 2 | _aRadhakrishna Pillai, M. | |
| 245 | 1 | 0 | _aKur̲aḷin̲ perumai. |
| 260 | _c[1964] | ||
| 300 |
_a134 p. _c18 cm. |
||
| 500 | _aIn Tamil. | ||
| 600 | 0 | 0 |
_aTiruvaḷḷuvar. _tTirukkur̲aḷ. |
| 999 |
_c66447 _d66447 |
||